| 000 | 00528nam a2200181 a 4500 | ||
|---|---|---|---|
| 001 | 6941 | ||
| 003 | CO-ViMGA | ||
| 008 | 141112s2004 ck r 000 u spa d | ||
| 020 | _a9501407705 | ||
| 040 |
_aCO-ViMGA _bspa _cCO-ViMGA |
||
| 082 | 0 | 4 | _a346.017 L568 |
| 100 | 1 |
_aLloveras, Nora _95944 |
|
| 245 | 1 | 0 |
_aLa adopción : _bregimen legal Argentina, derecho comparado, proyectos de reforma |
| 260 |
_aBuenos Aires : _bDe palma, _c1994 |
||
| 300 | _a585 p | ||
| 650 | 1 | 4 |
_aADOPCION - LEGISLACION ARGENTINA _95945 |
| 942 |
_2ddc _cBK |
||
| 999 |
_c18908 _d18908 |
||